Statistics for Districts of Portugal

Click here to take the quiz!

General Stats

  • This quiz has been taken 1,806 times
  • The average score is 13 of 20

Answers on the Map

Answers color-coded by a green-red scale on the quiz's map according to % correct below.
 

Answer Stats

District% Correct
Lisboa
98%
Porto
94%
Açores
89%
Madeira
85%
Faro
81%
Braga
75%
Coimbra
69%
Setúbal
66%
Aveiro
61%
Évora
60%
Beja
59%
Bragança
59%
Leiria
56%
Castelo Branco
55%
Santarém
54%
Viseu
54%
Vila Real
53%
Guarda
52%
Viana do Castelo
51%
Portalegre
48%

Score Distribution

Percentile by Number Answered

Percent of People with Each Score

Your Score History

You have not taken this quiz